00475nam a22001577a 4500003000500000005001700005008004100022020001800063040000900081082001800090100001600108245007500124260003500199300000900234650007400243CEME20210628204147.0210112b xxu||||| |||| 00| 0 eng d a9781741752182 cceme a808.06665 JAM aJames, Neil aWriting at work , how to write clearly, effectively and professionally aAUSTRALIAbALLEN & UNWINc2008 a374P aWRITING AT WORK.HOW TO WRITE CLEARLY, EFFECTIVELY AND PROFESSIONALLY.